Rheological behaviour and extrudate morphology of thermoplastic elastomers from natural rubber and high density polyethylene (Record no. 50945)

MARC details
000 -LEADER
fixed length control field 00603nam a2200193Ia 4500
100 ## - MAIN ENTRY--AUTHOR NAME
Personal name Akhtar S.
245 #0 - TITLE STATEMENT
Title Rheological behaviour and extrudate morphology of thermoplastic elastomers from natural rubber and high density polyethylene
260 ## - PUBLICATION, DISTRIBUTION, ETC. (IMPRINT)
Name of publisher Plastics and Rubber: Processing and Applications
Year of publication 1987
300 ## - PHYSICAL DESCRIPTION
Number of Pages 18-Nov
650 ## - SUBJECT ADDED ENTRY--TOPICAL TERM
Topical Term High density polyethylene
650 ## - SUBJECT ADDED ENTRY--TOPICAL TERM
Topical Term Natural rubber
650 ## - SUBJECT ADDED ENTRY--TOPICAL TERM
Topical Term Rheology
650 ## - SUBJECT ADDED ENTRY--TOPICAL TERM
Topical Term Thermoplastic elastomer
700 ## - ADDED ENTRY--PERSONAL NAME
Personal name De P.P.
700 ## - ADDED ENTRY--PERSONAL NAME
Personal name De S.K.
700 ## - ADDED ENTRY--PERSONAL NAME
Personal name Kuriakose B.
942 ## - ADDED ENTRY ELEMENTS (KOHA)
Koha item type Bibliography STAF
Holdings
Withdrawn status Lost status Damaged status Not for loan Home library Current library Shelving location Date acquired Serial Enumeration / chronology Koha item type
      Bibliography RRII Library RRII Library Rubber chemistry 09/04/2014 Volume 7, Issue 1 Bibliography STAF